| 000 | 00704nam a2200265Ia 4500 | ||
|---|---|---|---|
| 003 | OSt | ||
| 005 | 20221006144428.0 | ||
| 006 | a|||||r|||| 00| 0 | ||
| 007 | ta | ||
| 008 | 221006b |||||||| |||| 00| 0 eng d | ||
| 020 | _c£1.15 | ||
| 024 | _a11,662 | ||
| 037 | _cTextual | ||
| 040 |
_aEASL _cEASL _beng |
||
| 041 |
_2eng _aeng |
||
| 082 | _aV1:19(zE).N6, K7 | ||
| 100 | _aHOROWITZ David | ||
| 245 | 0 |
_aContainment and revolution _b Western Policy towards social Revolution |
|
| 260 |
_aLondon _bAnthony Blond _c1967 |
||
| 300 |
_a252p. _ccm. |
||
| 490 | _v Gen | ||
| 650 | _aGen | ||
| 942 |
_hV1:19(zE).N6, K7 _cTEXL _2CC |
||
| 999 |
_c1079748 _d1079748 |
||